| 000 | 00478nam a2200157 i 4500 | ||
|---|---|---|---|
| 001 | 134067 | ||
| 003 | ES-MaACL | ||
| 007 | t| | ||
| 008 | 070905s1981 sp ||||1| spa d | ||
| 100 | 1 |
_aWarner, Peter O. _9116113 |
|
| 245 | 1 | 0 |
_aAnĂ¡lisis de los contaminantes del aire / _cPeter O. Warner ; [traducido por E. Cadenas]. |
| 260 |
_aMadrid : _bParaninfo, _c1981. |
||
| 300 |
_a366 p. : _bil. ; _c22 cm. |
||
| 700 | 1 |
_aCadenas, E. _933380 |
|
| 852 |
_aES-MaACL _jL-952 _bR.101692 |
||
| 999 |
_c134067 _d134067 |
||